| 000 | 01313nam0a22003251 4500 | ||
|---|---|---|---|
| 001 | v19\rc\1417217 | ||
| 005 | 20250618110344.0 | ||
| 035 | _a(NLR Aleph) 004544664 | ||
| 090 |
_a2055994 _c2055994 |
||
| 100 | _a20060512e18821882|||y0rusy50 ca | ||
| 101 | 0 | _arus | |
| 102 | _aRU | ||
| 105 | _aab b ||||| | ||
| 200 | 1 |
_aК геологии Екатеринославской и Харьковской губернии _eС карт. порожистой части Днепра... _f[Соч.] А.В. Гурова |
|
| 210 |
_aХарьков _cУнив. тип. _d1882 |
||
| 215 |
_a[2], 446 с., 13 л. ил., карт. _cил. _d27 |
||
| 311 | _aОтт. из 16 т. "Тр. О-ва испытателей природы" | ||
| 488 | 0 |
_12001#$aТруды Общества испытателей природы$vТ. 16 _tТруды Общества испытателей природы |
|
| 700 | 1 |
_4070 _7ca _8rus _aГуров _bА. В. _f1845-1920 _gАлександр Васильевич _9247442 _3RU\NLR\AUTH\770247498 |
|
| 801 | 0 |
_aRU _bNLR _gpsbo |
|
| 801 | 0 |
_aRU _bRuMoRGB _2psbo |
|
| 801 | 1 |
_aRU _bProSoft-M _2rusmarc |
|
| 852 |
_aNLR _j18.218.4.31 |
||
| 899 |
_aRuMoRGB _jF 88/8 |
||
| 899 |
_aRuMoRGB _jФ 1-64/5057 |
||
| 899 | _aБАН | ||
| 899 | _aНБ МГУ | ||
| 942 | _cBOOK | ||
| 980 | _aNB | ||